| 000 | 00620nam a22001937a 4500 | ||
|---|---|---|---|
| 999 |
_c10488 _d10488 |
||
| 003 | AR-CdUCM | ||
| 008 | 190401b ||||| |||| 00| 0 spa d | ||
| 040 |
_aMUNICIPALIDAD PROVINCIAL DEL CUSCO _cBIBLIOTECA MUNICIPAL DEL CUSCO |
||
| 082 |
_24ed. _a334.0163 / _bM23 /1960 |
||
| 100 |
_aMao, Tse-Tung, _915457 |
||
| 245 | _aProblemas de la cooperación agrícola / | ||
| 260 |
_aPekin : _bLenguas extranjeras, _c1960. |
||
| 300 |
_a45 paginas ; _c18 cm. |
||
| 650 |
_aCooperación agricola _927376 |
||
| 650 |
_aCampesinos _94401 |
||
| 650 |
_aRetribución por la tierra _927377 |
||
| 942 |
_2ddc _cLIBROS |
||
| 945 | _awnts | ||